000 01683nam a2200241Ia 4500
003 Ost
005 20260507075101.0
008 260507s9999||||xx |||||||||||||| ||und||
040 _cfsecg
041 _aara
082 _a658.15
100 _aالحناوي، محمد صالح
_eمؤلف
245 0 _aأساسيات الإدارة المالية :
_bالتحليل المالي للمشروعات الجديدة /
_c محمد صالح الحناوي
260 _aالإسكندرية:
_bالدار الجامعية,
_c2003
300 _a431 صفحة؛
_bإيضاحات ؛
_c24 سم
504 _aببليوغرافيا:ص.426
520 _aإطلالة عامة على الإدارة المالية،تقييم الانفاق الرأسمالي في ظل ظروف التأكد الكامل،قرارات الانفاق الرأسمالي في ظل ظروف الخطر1،قرارات الانفاق الرأسمالي في ظل ظروف الخطر2،تكلفة الأموال،اتخاذ قرار الاستثمار في المشروع من وجهة نظر قومية،اتخاذ قرار الاستثمار في المشروع من وجهة نظر إسلامية،تأثر هيكل رأس المال على قيمة المنشأة،تأثر سياسة التوزيعات على قيمة المنشأة
653 _aالادارة المالية
653 _aالاستثمار
653 _aالسياسة المالية
700 _aنهال، فريد مصطفى
_eمؤلف ثانوي
942 _cكتاب
999 _c42794
_d42794